| 000 | 00474nam a2200157 a 4500 | ||
|---|---|---|---|
| 001 | 000034599 | ||
| 005 | 20240830200501.0 | ||
| 008 | 111010s2003 xxu 000 0 spa d | ||
| 020 | _a956707901 | ||
| 040 |
_aDO-SdBNP _bspa _cBNPHU |
||
| 082 |
_axxxx _bG424i |
||
| 100 | 1 |
_a Ghio D., Augusto | _q (Ghio Dell’Oro) _960038 |
|
| 245 | 1 | 0 |
_aInglés Básico / _cAgusto Ghio Dell Oro. |
| 260 |
_aMiami, Florida : _bPisa : _bContinental Printing, _c2003. |
||
| 300 |
_a272 p. ; _c18 cm. |
||
| 999 |
_c34090 _d34090 |
||